000 00653nam a22002177a 4500
003 OSt
005 20210419084424.0
008 210227s1992 ||||| |||| 00| 0 eng d
020 _a0671750402
040 _aeng
_beng
_cDLC
041 _aeng
080 _a821.111
_bF-66
100 _91164
_aFletcher, Connie
245 _aWhat Cops Know
_b: Cops Talk about What They Do, How They Do It and What It Does to Them
_c/ by: Pocket Books
260 _aNew York
_bPocket Books
_c1992
300 _a336 p.
365 _b5.50 usd
650 0 _9254
_aEnglish literature
653 _aინგლისური ლიტერატურა
942 _2udc
_cBK
999 _c1784
_d1784